[Event "Dortmund Sparkassen op-B 51st"]
[Site "Dortmund"]
[Date "2024.08.10"]
[Round "1"]
[White "Stoll, Elias"]
[Black "Ter Steeg, Marcus"]
[Result "0-1"]
[WhiteElo "1709"]
[BlackElo "1978"]
[PlyCount "64"]
[EventDate "2024.08.10"]
[EventType "swiss"]
[EventRounds "9"]
[EventCountry "GER"]
[SourceTitle "CBM 221 Extra"]
[Source "ChessBase"]
[SourceDate "2024.09.30"]
[SourceVersion "1"]
[SourceVersionDate "2024.09.30"]
[SourceQuality "1"]

1. d4 Nf6 2. c4 e6 3. Nc3 Bb4 4. e3 0-0 5. Nge2 c6 6. a3 Ba5 7. b4 Bc7 8. Ng3 d5 9. cxd5 exd5 10. Bd3 Re8 11. 0-0 g6 12. Qc2 Kg7 13. b5 h5 14. f3 h4 15. Nge2 Qd6 16. e4 Qxh2+ 17. Kf2 h3 18. Rg1 hxg2 19. e5 Qh4+ 20. Ke3 Bxe5 21. dxe5 d4+ 22. Nxd4 Rxe5+ 23. Ne4 Nd5+ 24. Kd2 Bh3 25. Bb2 Qf4+ 26. Ke1 Qe3+ 27. Ne2 Nd7 28. Qd2 Qxf3 29. Bxe5+ Nxe5 30. Nc1 Re8 31. Qb2 Kg8 32. Kd2 Qe3+ 0-1

[Event "Dortmund Sparkassen op-B 51st"]
[Site "Dortmund"]
[Date "2024.??.??"]
[Round "4"]
[White "Schmidt, Ralf2"]
[Black "Ter Steeg, Marcus"]
[Result "0-1"]
[WhiteElo "1748"]
[BlackElo "1978"]
[PlyCount "104"]
[EventDate "2024.08.10"]
[EventType "swiss"]
[EventRounds "9"]
[EventCountry "GER"]
[SourceTitle "CBM 221 Extra"]
[Source "ChessBase"]
[SourceDate "2024.09.30"]
[SourceVersion "1"]
[SourceVersionDate "2024.09.30"]
[SourceQuality "1"]

1. d4 Nf6 2. c4 e6 3. g3 d5 4. Bg2 Bb4+ 5. Bd2 Bd6 6. Nf3 c6 7. cxd5 exd5 8. 0-0 h6 9. a3 a5 10. Nc3 Nbd7 11. Qc2 0-0 12. Rfe1 Re8 13. e4 Nxe4 14. Nxe4 dxe4 15. Rxe4 Rxe4 16. Qxe4 Nf6 17. Qd3 Be6 18. Bc3 Bd5 19. Re1 Qc7 20. Qb1 a4 21. Qc1 b5 22. Qd2 Ne4 23. Qc1 Nf6 24. Qd2 Ne4 25. Qc1 Nxc3 26. Qxc3 b4 27. Qd3 bxa3 28. bxa3 Rb8 29. Nd2 Qa5 30. Bxd5 cxd5 31. Rb1 Rxb1+ 32. Nxb1 Qe1+ 33. Kg2 Qc1 34. Qb5 Bf8 35. Qd3 g6 36. Qb5 Qc2 37. Kg1 Qd1+ 38. Kg2 Qxd4 39. Qc6 Qe4+ 40. Kh3 Qxb1 41. Qxa4 Qf1+ 42. Kg4 Qc4+ 43. Qxc4 dxc4 44. Kf3 Bxa3 45. Ke2 Bb4 46. f3 f5 47. h3 Kf7 48. g4 Ke6 49. Ke3 fxg4 50. hxg4 h5 51. Kd4 c3 52. Kd3 h4 0-1

[Event "Dortmund Sparkassen op-B 51st"]
[Site "Dortmund"]
[Date "2024.??.??"]
[Round "7"]
[White "Ter Steeg, Marcus"]
[Black "Cassel, Silas"]
[Result "1-0"]
[WhiteElo "1978"]
[BlackElo "1792"]
[PlyCount "87"]
[EventDate "2024.08.10"]
[EventType "swiss"]
[EventRounds "9"]
[EventCountry "GER"]
[SourceTitle "CBM 221 Extra"]
[Source "ChessBase"]
[SourceDate "2024.09.30"]
[SourceVersion "1"]
[SourceVersionDate "2024.09.30"]
[SourceQuality "1"]

1. d4 d5 2. c4 e6 3. Nc3 Nf6 4. Nf3 Be7 5. Bf4 0-0 6. e3 Nbd7 7. a3 dxc4 8. Bxc4 a6 9. 0-0 b5 10. Ba2 Bb7 11. d5 Nxd5 12. Nxd5 Bxd5 13. Bxd5 exd5 14. Qxd5 Nb6 15. Qxd8 Bxd8 16. Rfc1 Rc8 17. Rc6 Bf6 18. Nd4 Nd5 19. Bg3 Bxd4 20. exd4 a5 21. Rac1 b4 22. R6c5 Rfd8 23. Rxa5 bxa3 24. bxa3 h6 25. Kf1 Nf6 26. Rxc7 Rxc7 27. Bxc7 Rxd4 28. Be5 Rd2 29. Bxf6 gxf6 30. Rf5 Kg7 31. Ke1 Ra2 32. Rf3 Rc2 33. Kd1 Rc7 34. Kd2 Kg6 35. Rc3 Ra7 36. Kc2 Kf5 37. Rf3+ Ke5 38. Kb3 Ra8 39. a4 f5 40. Rh3 Ra6 41. Kb4 Kd5 42. Kb5 Rg6 43. Rg3 Re6 44. Rd3+ 1-0

[Event "Krefeld op"]
[Site "Krefeld"]
[Date "2023.08.06"]
[Round "8"]
[White "Ter Steeg, Marcus"]
[Black "Grosser, Walter"]
[Result "0-1"]
[WhiteElo "1969"]
[BlackElo "1896"]
[PlyCount "108"]
[EventDate "2023.08.02"]
[EventType "swiss"]
[EventRounds "9"]
[EventCountry "GER"]
[SourceTitle "CBM 215 Extra"]
[Source "ChessBase"]
[SourceDate "2023.09.30"]
[SourceVersion "1"]
[SourceVersionDate "2023.09.30"]
[SourceQuality "1"]

1. d4 Nf6 2. c4 g6 3. Nc3 Bg7 4. e4 d6 5. Nf3 0-0 6. Be2 c5 7. d5 e6 8. 0-0 exd5 9. exd5 Bg4 10. h3 Bxf3 11. Bxf3 Re8 12. Bf4 a6 13. Qc2 Qc7 14. Be2 Nbd7 15. a4 Re7 16. Bg5 Rae8 17. Rfe1 h6 18. Bd2 Ne4 19. Nxe4 Rxe4 20. Bd3 Rxe1+ 21. Rxe1 Rxe1+ 22. Bxe1 Ne5 23. Bf1 Qe7 24. Bd2 Nd7 25. Qb3 Nf6 26. Be3 Ne4 27. Qb6 Be5 28. Bd3 f5 29. Bxe4 fxe4 30. b4 cxb4 31. c5 dxc5 32. Qxg6+ Bg7 33. Qb6 Bf8 34. Bf4 Qf7 35. Be5 Qf5 36. Bb2 e3 37. fxe3 Qb1+ 38. Kh2 Qxb2 39. Qe6+ Kg7 40. d6 Qf6 41. Qg4+ Qg6 42. Qd7+ Kg8 43. Qxb7 Bxd6+ 44. Kg1 Qb1+ 45. Kf2 Qc2+ 46. Kf3 Qf5+ 47. Ke2 Qe6 48. Qa8+ Kg7 49. Qxa6 b3 50. Qb7+ Kg6 51. a5 Qc4+ 52. Kf3 Qf7+ 53. Qxf7+ Kxf7 54. a6 Bb8 0-1

[Event "Krefeld op"]
[Site "Krefeld"]
[Date "2023.08.05"]
[Round "6"]
[White "Ter Steeg, Marcus"]
[Black "Goldkuhle, Collin"]
[Result "0-1"]
[WhiteElo "1969"]
[BlackElo "1627"]
[PlyCount "112"]
[EventDate "2023.08.02"]
[EventType "swiss"]
[EventRounds "9"]
[EventCountry "GER"]
[SourceTitle "CBM 215 Extra"]
[Source "ChessBase"]
[SourceDate "2023.09.30"]
[SourceVersion "1"]
[SourceVersionDate "2023.09.30"]
[SourceQuality "1"]

1. d4 Nf6 2. c4 e6 3. Nf3 b6 4. a3 Bb7 5. Nc3 d5 6. cxd5 Nxd5 7. Qc2 c5 8. Bg5 Nf6 9. dxc5 Bxc5 10. Rd1 Qe7 11. b4 Bxf3 12. exf3 Bd6 13. Nb5 Bxb4+ 14. axb4 0-0 15. Nc7 Rc8 16. Nd5 exd5+ 17. Qe2 Qxb4+ 18. Bd2 Qd6 19. Qb5 Re8+ 20. Be2 Nc6 21. Bc3 Qe6 22. Rd2 Ne5 23. 0-0 a6 24. Qb1 Nc4 25. Ra2 Red8 26. Bd4 b5 27. Re1 Qd6 28. Bd3 h6 29. Rd1 Qc6 30. Qb3 Rdc8 31. Bf5 Rd8 32. Bb1 Re8 33. Qd3 Ne5 34. Qf5 Qe6 35. Qf4 Nc6 36. Bc3 d4 37. Bd2 Nd5 38. Qg3 Nc3 39. Bxc3 dxc3 40. h3 Nb4 41. Rc2 Nxc2 42. Bxc2 Qe2 43. Bb3 Rad8 44. Rxd8 Rxd8 45. Qc7 Qd3 46. Qxf7+ Kh8 47. Qe7 a5 48. f4 a4 49. Bc2 Qxc2 50. Qxd8+ Kh7 51. Qc8 Qd3 52. f5 Qd1+ 53. Kh2 Qd6+ 54. g3 b4 55. Qe6 Qxe6 56. fxe6 Kg8 0-1

[Event "Ruhrgebiet Verbandsliga Gruppe 2 1819"]
[Site "Nordrheinwestfalen"]
[Date "2019.03.10"]
[Round "7"]
[White "Hoefker, Mathias"]
[Black "Ter Steeg, Marcus"]
[Result "1-0"]
[WhiteElo "2078"]
[BlackElo "2068"]
[PlyCount "97"]
[EventDate "2018.09.23"]
[EventType "team-tourn"]
[EventRounds "9"]
[EventCountry "GER"]
[SourceTitle "EXT 2022"]
[Source "ChessBase"]
[SourceDate "2021.10.06"]
[SourceVersion "1"]
[SourceVersionDate "2021.10.06"]
[SourceQuality "1"]
[WhiteTeam "Recklinghausen Sued"]
[BlackTeam "Essen Werden"]
[WhiteTeamCountry "GER"]
[BlackTeamCountry "GER"]

1. d4 d5 2. Nf3 Nf6 3. c4 e6 4. cxd5 exd5 5. Nc3 c6 6. Bg5 Be7 7. e3 Nbd7 8. Qc2 h6 9. Bh4 Nh5 10. Bg3 Nxg3 11. hxg3 Nf6 12. Bd3 Be6 13. Ng5 Qd6 14. Nxe6 Qxe6 15. a3 a5 16. Bf5 Qd6 17. Na4 Qc7 18. Rc1 Rd8 19. Nc5 Bxc5 20. Qxc5 Rd6 21. 0-0 0-0 22. b4 axb4 23. axb4 g6 24. Bd3 Nd7 25. Qc3 b6 26. Bb5 Nb8 27. Ba4 Rc8 28. Rc2 Qb7 29. Rfc1 Re6 30. Qd3 Qa7 31. Bb3 Rd6 32. b5 Qa3 33. Rc3 Qb2 34. Rb1 Qa3 35. Bxd5 Qa5 36. Bxf7+ Kxf7 37. Ra3 Qxa3 38. Qxa3 c5 39. Rc1 Nd7 40. Qa7 Kf6 41. Rc4 Re8 42. dxc5 Rd1+ 43. Kh2 Ne5 44. Rf4+ Kg5 45. Qxb6 h5 46. Qf6+ Kh6 47. f3 Nd3 48. g4 hxg4 49. Rxg4 1-0

[Event "Hastings Masters op 93rd"]
[Site "Hastings"]
[Date "2017.12.31"]
[Round "4"]
[White "Ter Steeg, Marcus"]
[Black "Royset, Pal"]
[Result "0-1"]
[WhiteElo "2066"]
[BlackElo "2208"]
[PlyCount "80"]
[EventDate "2017.12.28"]
[EventType "swiss"]
[EventRounds "9"]
[EventCountry "ENG"]
[SourceTitle "CBM 182 Extra"]
[Source "ChessBase"]
[SourceDate "2018.02.23"]
[SourceVersion "1"]
[SourceVersionDate "2018.02.23"]
[SourceQuality "1"]

1. d4 Nf6 2. c4 e6 3. g3 c5 4. Nf3 d5 5. cxd5 exd5 6. Bg2 Nc6 7. 0-0 c4 8. Ne5 Qc7 9. Bf4 Bd6 10. Nc3 a6 11. Nxd5 Nxd5 12. Bxd5 Nxe5 13. dxe5 Bxe5 14. Bxe5 Qxe5 15. Bxc4 Qxb2 16. Qa4+ Bd7 17. Bxf7+ Ke7 18. Qb3 Qxb3 19. Bxb3 b5 20. a3 a5 21. Bd5 Rac8 22. Rfc1 Rxc1+ 23. Rxc1 b4 24. axb4 axb4 25. Rb1 Kd6 26. e4 Rb8 27. Kf1 Ba4 28. Ke2 Bc2 29. Rb2 b3 30. Kd2 Ke5 31. Ke3 Rb4 32. f4+ Kd6 33. g4 Kc5 34. g5 Rb6 35. f5 Kb4 36. Kd2 Ka3 37. Kc1 Kb4 38. h4 Kc3 39. e5 Ra6 40. Rxb3+ Bxb3 0-1

[Event "Hastings Masters op 93rd"]
[Site "Hastings"]
[Date "2017.12.30"]
[Round "3"]
[White "Graham, David Bruce"]
[Black "Ter Steeg, Marcus"]
[Result "1-0"]
[WhiteElo "2204"]
[BlackElo "2066"]
[PlyCount "101"]
[EventDate "2017.12.28"]
[EventType "swiss"]
[EventRounds "9"]
[EventCountry "ENG"]
[SourceTitle "CBM 182 Extra"]
[Source "ChessBase"]
[SourceDate "2018.02.23"]
[SourceVersion "1"]
[SourceVersionDate "2018.02.23"]
[SourceQuality "1"]

1. e4 d6 2. d4 Nf6 3. Nc3 g6 4. g3 Bg7 5. Bg2 0-0 6. Nge2 e5 7. h3 c6 8. 0-0 b5 9. a3 a6 10. Be3 Nbd7 11. Qd2 Qc7 12. Rad1 Re8 13. f4 Bb7 14. dxe5 dxe5 15. f5 Nb6 16. b3 Rad8 17. Qc1 c5 18. Bg5 Rxd1 19. Qxd1 b4 20. Bxf6 Bxf6 21. fxg6 Kg7 22. gxf7 Qxf7 23. axb4 cxb4 24. Qd6 bxc3 25. Qxb6 Re6 26. Qf2 Rc6 27. g4 Rc7 28. Nxc3 Rxc3 29. g5 Rc6 30. gxf6+ Rxf6 31. Qg3+ Kf8 32. Qxe5 Rxf1+ 33. Bxf1 Qg6+ 34. Bg2 Qb6+ 35. Kh2 Qc6 36. Qf5+ Kg7 37. Qg5+ Kf8 38. e5 Qc7 39. Qf6+ Kg8 40. Qe6+ Kg7 41. Qf6+ Kg8 42. Qd6 Qc8 43. Bxb7 Qxb7 44. Qd8+ Kf7 45. Qf6+ Kg8 46. e6 Qc7+ 47. Kh1 Qc6+ 48. Kg1 Qb6+ 49. Kf1 h6 50. Qf7+ Kh8 51. e7 1-0

[Event "Hastings Masters op 93rd"]
[Site "Hastings"]
[Date "2017.12.29"]
[Round "2"]
[White "Ter Steeg, Marcus"]
[Black "Maisuradze, Nino"]
[Result "1/2-1/2"]
[WhiteElo "2066"]
[BlackElo "2256"]
[PlyCount "145"]
[EventDate "2017.12.28"]
[EventType "swiss"]
[EventRounds "9"]
[EventCountry "ENG"]
[SourceTitle "CBM 182 Extra"]
[Source "ChessBase"]
[SourceDate "2018.02.23"]
[SourceVersion "1"]
[SourceVersionDate "2018.02.23"]
[SourceQuality "1"]

1. d4 d5 2. c4 c6 3. Nf3 Nf6 4. e3 Bf5 5. Nc3 e6 6. Nh4 Bg6 7. Qb3 Qc7 8. h3 Nbd7 9. Be2 Be7 10. Nxg6 hxg6 11. Bd2 0-0 12. Rc1 Rac8 13. 0-0 a6 14. Qc2 dxc4 15. Bxc4 b5 16. Be2 c5 17. Ne4 Nxe4 18. Qxe4 Qd6 19. a3 Bf6 20. Rfd1 Qb8 21. Bd3 Qb6 22. h4 cxd4 23. h5 Nc5 24. Rxc5 Rxc5 25. hxg6 fxg6 26. Qxg6 a5 27. Qh7+ Kf7 28. Bg6+ Ke7 29. b4 Qb8 30. Qh3 Rg5 31. Bd3 Rh8 32. Qf3 Qh2+ 33. Kf1 Qh1+ 34. Ke2 Qxg2 35. Qxg2 Rxg2 36. Be4 Rg4 37. Bf3 d3+ 38. Kxd3 Rd8+ 39. Ke2 Rc4 40. bxa5 Rc2 41. a6 Bc3 42. a7 Bxd2 43. Kf1 Rcc8 44. Ke2 Rc2 45. Kf1 Rc1 46. Rxc1 Bxc1 47. a8Q Rxa8 48. Bxa8 Kd6 49. Ke2 Bxa3 50. Kd3 Kc5 51. Bb7 Bb2 52. Bc8 Kd6 53. Ba6 b4 54. Bc4 g5 55. Ke4 Bc1 56. f3 Bd2 57. Bb3 Bc3 58. Bc4 Bf6 59. Bb3 Bd8 60. Bc4 Bb6 61. Bb3 Ke7 62. Bc4 Kf6 63. Bb3 e5 64. Bc4 Bc7 65. Kd5 Bb6 66. e4 Bd4 67. Bb3 Kg6 68. Kc4 Kh5 69. Ba4 Kh4 70. Bd7 Kg3 71. Bg4 Bc3 72. Kb3 Kf2 73. Bh5 1/2-1/2

[Event "Ruhrgebiet Verbandsliga Gruppe 1 1718"]
[Site "Germany"]
[Date "2017.11.05"]
[Round "3.2"]
[White "Reinoehl, Christian"]
[Black "Ter Steeg, Marcus"]
[Result "0-1"]
[WhiteElo "2088"]
[BlackElo "2061"]
[PlyCount "82"]
[EventDate "2017.09.17"]
[EventType "team-tourn"]
[EventRounds "9"]
[EventCountry "GER"]
[SourceTitle "EXT 2022"]
[Source "ChessBase"]
[SourceDate "2021.10.06"]
[SourceVersion "1"]
[SourceVersionDate "2021.10.06"]
[SourceQuality "1"]
[WhiteTeam "Annen Sport Union"]
[BlackTeam "Essen Werden"]
[WhiteTeamCountry "GER"]
[BlackTeamCountry "GER"]

1. e4 g6 2. d4 Bg7 3. c3 c6 4. h3 d5 5. e5 Nd7 6. Be3 Qb6 7. Qd2 e6 8. Na3 h5 9. 0-0-0 Nh6 10. Nf3 Nf5 11. Bg5 Qa5 12. Kb1 b5 13. Bd3 Ne7 14. g4 Qb6 15. Nc2 c5 16. Nh4 Bf8 17. f4 b4 18. cxb4 cxd4 19. f5 Nxe5 20. Bf6 Nxd3 21. Bxh8 Ba6 22. Bxd4 Qd6 23. fxe6 fxe6 24. Qe3 e5 25. Bc5 Nxc5 26. bxc5 Qe6 27. Nb4 Bc4 28. b3 Rb8 29. Qd2 a5 30. bxc4 Rxb4+ 31. Ka1 Bg7 32. a3 e4+ 33. Ka2 Rb2+ 34. Qxb2 Bxb2 35. Kxb2 Qf6+ 36. Kb1 dxc4 37. Ng2 Qf3 38. Nh4 Qb3+ 39. Kc1 Qc3+ 40. Kb1 Qb3+ 41. Kc1 Qxa3+ 0-1

[Event "Goch op 27th"]
[Site "Goch"]
[Date "2016.09.04"]
[Round "6"]
[White "Ter Steeg, Marcus"]
[Black "Eriksson, Christian Altenburg"]
[Result "1/2-1/2"]
[WhiteElo "2079"]
[BlackElo "2164"]
[PlyCount "33"]
[EventDate "2016.09.01"]
[EventType "swiss"]
[EventRounds "7"]
[EventCountry "GER"]
[SourceTitle "EXT 2018"]
[Source "ChessBase"]
[SourceDate "2017.10.13"]
[SourceVersion "1"]
[SourceVersionDate "2017.10.13"]
[SourceQuality "1"]

1. d4 d5 2. c4 dxc4 3. e4 Nf6 4. Nc3 e5 5. Nf3 exd4 6. Qxd4 Qxd4 7. Nxd4 Bc5 8. Ndb5 Na6 9. Bxc4 c6 10. Na3 b5 11. Naxb5 cxb5 12. Bxb5+ Nd7 13. Bf4 Bb7 14. 0-0-0 Rd8 15. Nd5 Nb4 16. Nxb4 Bxb4 17. Bc7 1/2-1/2

[Event "Goch op 27th"]
[Site "Goch"]
[Date "2016.09.04"]
[Round "7"]
[White "Weller, Manuel"]
[Black "Ter Steeg, Marcus"]
[Result "1/2-1/2"]
[WhiteElo "2199"]
[BlackElo "2079"]
[PlyCount "21"]
[EventDate "2016.09.01"]
[EventType "swiss"]
[EventRounds "7"]
[EventCountry "GER"]
[SourceTitle "EXT 2018"]
[Source "ChessBase"]
[SourceDate "2017.10.13"]
[SourceVersion "1"]
[SourceVersionDate "2017.10.13"]
[SourceQuality "1"]

1. e4 c5 2. Nf3 e6 3. d4 cxd4 4. Nxd4 a6 5. Nc3 Qc7 6. Bd3 Bc5 7. Nb3 Be7 8. Qg4 g6 9. f4 d6 10. Bd2 Nf6 11. Qf3 1/2-1/2

[Event "Goch op 27th"]
[Site "Goch"]
[Date "2016.09.03"]
[Round "4"]
[White "Ter Steeg, Marcus"]
[Black "Moors, Christoph"]
[Result "1-0"]
[WhiteElo "2079"]
[BlackElo "1937"]
[PlyCount "151"]
[EventDate "2016.09.01"]
[EventType "swiss"]
[EventRounds "7"]
[EventCountry "GER"]
[SourceTitle "EXT 2018"]
[Source "ChessBase"]
[SourceDate "2017.10.13"]
[SourceVersion "1"]
[SourceVersionDate "2017.10.13"]
[SourceQuality "1"]

1. d4 Nf6 2. c4 e6 3. Nc3 Bb4 4. Qc2 c5 5. dxc5 0-0 6. a3 Bxc5 7. Bf4 b6 8. Rd1 Nc6 9. Nf3 Bb7 10. e3 a6 11. h3 Be7 12. Be2 d6 13. 0-0 Rc8 14. b3 Qc7 15. Rd2 Ne5 16. Bxe5 dxe5 17. b4 Rfd8 18. Rfd1 Rxd2 19. Rxd2 g6 20. Qd1 Bc6 21. Qb3 Nd7 22. Rc2 a5 23. Na4 axb4 24. axb4 Ra8 25. Ra2 Qd6 26. b5 Bb7 27. Rd2 Qb4 28. Qxb4 Bxb4 29. Rxd7 Bxf3 30. Bxf3 Rxa4 31. Rb7 Bc5 32. Bc6 Ra1+ 33. Kh2 Ra8 34. Rxb6 Bxb6 35. Bxa8 Kf8 36. h4 h6 37. f4 Bxe3 38. fxe5 Bd4 39. g3 g5 40. Kh3 f5 41. exf6 Kf7 42. Kg4 Kxf6 43. Kh5 gxh4 44. gxh4 Kg7 45. Bc6 e5 46. Kg4 Kf6 47. Kf3 Ke6 48. Kg4 Kd6 49. Kh5 Be3 50. Kg6 Kc5 51. Bd5 Bd2 52. Kf5 Bf4 53. h5 Bg3 54. Ke4 Bf4 55. Kd3 Bg3 56. Kc3 Be1+ 57. Kb3 Bd2 58. Kc2 Bg5 59. Kd3 Bc1 60. Bf7 Bg5 61. Ke4 Bf4 62. Kf5 Bg3 63. Bd5 Bf4 64. Ke6 Bg3 65. Kd7 Kb6 66. Kd6 e4+ 67. Ke6 e3 68. Bf3 Kc5 69. Be2 Bf4 70. Kf5 Bg5 71. Ke4 Kb6 72. Kd4 Bf4 73. c5+ Kc7 74. b6+ Kb8 75. c6 Bg5 76. c7+ 1-0

[Event "Hastings Masters op 91st"]
[Site "Hastings"]
[Date "2016.01.04"]
[Round "8"]
[White "Karthik, Venkataraman"]
[Black "Ter Steeg, Marcus"]
[Result "1-0"]
[WhiteElo "2310"]
[BlackElo "2036"]
[PlyCount "63"]
[EventDate "2015.12.28"]
[EventType "swiss"]
[EventRounds "9"]
[EventCountry "ENG"]
[SourceTitle "CBM 170 Extra"]
[Source "ChessBase"]
[SourceDate "2016.02.25"]
[SourceVersion "1"]
[SourceVersionDate "2016.02.25"]
[SourceQuality "1"]

1. d4 Nf6 2. Nf3 e6 3. c4 b6 4. Nc3 Ba6 5. e4 Bb4 6. Bd3 Bb7 7. Qe2 d6 8. Bd2 c5 9. 0-0 cxd4 10. Nxd4 0-0 11. Rad1 a6 12. a3 Bxc3 13. Bxc3 Qc7 14. f4 Nbd7 15. Nf3 e5 16. fxe5 Nxe5 17. Nxe5 dxe5 18. Rf5 Rfe8 19. Rdf1 Re6 20. Bd2 Rd8 21. Bg5 Rxd3 22. Bxf6 Rd4 23. Qg4 Rxf6 24. Rxf6 Rxe4 25. Qg3 Re2 26. R6f2 Qc5 27. Qd3 Rxf2 28. Rxf2 g6 29. Qd7 f5 30. Qxb7 Qe3 31. Qd5+ Kg7 32. Qd2 1-0

[Event "Hastings Masters op 91st"]
[Site "Hastings"]
[Date "2016.01.01"]
[Round "5"]
[White "Ter Steeg, Marcus"]
[Black "Golding, Alex"]
[Result "1-0"]
[WhiteElo "2036"]
[BlackElo "1955"]
[PlyCount "177"]
[EventDate "2015.12.28"]
[EventType "swiss"]
[EventRounds "9"]
[EventCountry "ENG"]
[SourceTitle "CBM 170 Extra"]
[Source "ChessBase"]
[SourceDate "2016.02.25"]
[SourceVersion "1"]
[SourceVersionDate "2016.02.25"]
[SourceQuality "1"]

1. d4 Nf6 2. c4 g6 3. Nc3 Bg7 4. e4 d6 5. Nf3 0-0 6. Be2 e5 7. 0-0 exd4 8. Nxd4 Re8 9. f3 c6 10. Kh1 Nbd7 11. Rb1 a5 12. a3 Nh5 13. g4 Nhf6 14. g5 Nh5 15. Be3 Qe7 16. Qd2 f5 17. f4 Nc5 18. Bf3 a4 19. Rbe1 Bxd4 20. Qxd4 Ng7 21. e5 Nb3 22. Qxd6 Qxd6 23. exd6 Rd8 24. Rd1 Be6 25. Be2 Ne8 26. c5 Ra5 27. Bf3 Nxc5 28. Bxc5 Rxc5 29. Nxa4 Rc4 30. b4 Rxf4 31. Nc5 Bc4 32. d7 Nc7 33. Rf2 Rxf3 34. Rxf3 Bd5 35. Rxd5 Nxd5 36. Nxb7 Rxd7 37. Na5 Ne7 38. Rc3 Rd1+ 39. Kg2 Rd2+ 40. Kf1 Kf7 41. Nxc6 Nd5 42. Rb3 f4 43. b5 Nb6 44. Rb4 Ke6 45. Rxf4 Ra2 46. Rf6+ Kd7 47. Rf7+ Kd6 48. Rxh7 Kc5 49. Ne5 Rxa3 50. Nxg6 Kxb5 51. Ne7 Nd7 52. g6 Nf6 53. Rf7 Ne8 54. g7 Nxg7 55. Rxg7 Kc5 56. Kg2 Kd6 57. Nf5+ Ke6 58. Nd4+ Kf6 59. Rg3 Ra2+ 60. Kh3 Ke5 61. Nf3+ Kf4 62. Ne1 Re2 63. Ng2+ Kf5 64. Rf3+ Kg5 65. Kg3 Ra2 66. h4+ Kh5 67. Nf4+ Kh6 68. Rd3 Ra1 69. Rd6+ Kh7 70. Kg4 Rg1+ 71. Kh5 Rf1 72. Rd7+ Kg8 73. Ne6 Rf6 74. Re7 Rf1 75. Ng5 Rf6 76. Re6 Rf8 77. Kg6 Kh8 78. h5 Rg8+ 79. Kh6 Rf8 80. Ne4 Rg8 81. Nd6 Rf8 82. Re8 Rxe8 83. Nxe8 Kg8 84. Nd6 Kh8 85. Kg6 Kg8 86. Nf7 Kf8 87. h6 Kg8 88. h7+ Kf8 89. h8Q+ 1-0

[Event "Hastings Masters op 90th"]
[Site "Hastings"]
[Date "2014.12.30"]
[Round "2"]
[White "Ter Steeg, Marcus"]
[Black "Britton, Richard"]
[Result "1/2-1/2"]
[WhiteElo "2000"]
[BlackElo "2230"]
[PlyCount "51"]
[EventDate "2014.12.29"]
[EventType "swiss"]
[EventRounds "9"]
[EventCountry "ENG"]
[SourceTitle "CBM 164 Extra"]
[Source "ChessBase"]
[SourceDate "2015.03.02"]
[SourceVersion "1"]
[SourceVersionDate "2015.03.02"]
[SourceQuality "1"]

1. d4 Nf6 2. c4 g6 3. Nc3 Bg7 4. e4 d6 5. Nf3 0-0 6. Be2 e5 7. 0-0 Nc6 8. d5 Ne7 9. b4 Ne8 10. c5 Kh8 11. Nd2 f5 12. f3 f4 13. Nc4 g5 14. Ba3 h5 15. b5 b6 16. cxd6 cxd6 17. Bb4 Rf6 18. g4 hxg4 19. fxg4 Rh6 20. Bf3 a5 21. Ba3 Ng6 22. Na4 Rb8 23. Qe2 Nh4 24. Qf2 Nc7 25. Rab1 Na8 26. Rfc1 1/2-1/2

[Event "Dresden ZMD op 23rd"]
[Site "Dresden"]
[Date "2014.08.19"]
[Round "5"]
[White "Schnoor, Ekkehard"]
[Black "Ter Steeg, Marcus"]
[Result "0-1"]
[WhiteElo "2165"]
[BlackElo "1977"]
[PlyCount "80"]
[EventDate "2014.08.15"]
[EventType "swiss"]
[EventRounds "9"]
[EventCountry "GER"]
[SourceTitle "CBM 161 Extra"]
[Source "ChessBase"]
[SourceDate "2014.08.29"]
[SourceVersion "1"]
[SourceVersionDate "2014.08.29"]
[SourceQuality "1"]

1. b3 c5 2. Bb2 Nc6 3. c4 e5 4. e3 g6 5. Nc3 Bg7 6. Nge2 Nge7 7. g3 d5 8. Bg2 dxc4 9. bxc4 Be6 10. d3 f5 11. e4 fxe4 12. Nxe4 0-0 13. 0-0 b6 14. Qd2 Qd7 15. Rfd1 Rad8 16. Bc3 h6 17. Rab1 Qc7 18. Qb2 Nc8 19. Qb5 Bg4 20. Qb2 Nd6 21. Re1 Bf3 22. Nd2 Bxg2 23. Kxg2 Qf7 24. Rf1 h5 25. Nc1 h4 26. Ncb3 h3+ 27. Kxh3 Qf5+ 28. Kg2 Qxd3 29. Nc1 Qf5 30. Ne2 Qd3 31. Nc1 Qf5 32. Ne2 Ne4 33. Rbd1 Nxf2 34. Ng1 Nxd1 35. Rxd1 Qf2+ 36. Kh1 Bh6 37. Qb1 Qf5 38. Qb3 Bxd2 39. Rxd2 Rxd2 40. Bxd2 Qe4+ 0-1

[Event "Hastings Masters op 89th"]
[Site "Hastings"]
[Date "2014.01.01"]
[Round "5"]
[White "Croad, Nicholas"]
[Black "Ter Steeg, Marcus"]
[Result "1-0"]
[WhiteElo "2272"]
[BlackElo "1942"]
[PlyCount "53"]
[EventDate "2013.12.28"]
[EventType "swiss"]
[EventRounds "9"]
[EventCountry "ENG"]
[SourceTitle "CBM 158 Extra"]
[Source "ChessBase"]
[SourceDate "2014.02.28"]
[SourceVersion "1"]
[SourceVersionDate "2014.02.28"]
[SourceQuality "1"]

1. d4 c5 2. d5 g6 3. c4 Bg7 4. e4 d6 5. Nf3 e6 6. h3 Ne7 7. Nc3 0-0 8. Bf4 e5 9. Bd2 h6 10. g4 f5 11. exf5 gxf5 12. g5 e4 13. gxh6 Bf6 14. Ng5 Ng6 15. Rg1 Kh8 16. Qh5 Ne5 17. 0-0-0 b5 18. Nxb5 a6 19. Nc3 Ra7 20. f4 exf3 21. Nxf3 Rb7 22. Nxe5 Bxe5 23. Rg7 Qf6 24. Bg5 Bxc3 25. Bxf6 Bxf6 26. Rxb7 Bxb7 27. Re1 1-0